书目信息 |
| 题名: |
50支强势股票 50支强势基金
|
|
| 作者: | 孙晓璐 , 莫桂莉 编著 | |
| 分册: | ||
| 出版信息: | 北京 企业管理出版社 2007.05 |
|
| 页数: | 277页 | |
| 开本: | 24cm | |
| 丛书名: | 中国新股民新基民必读全书 | |
| 单 册: | ||
| 中图分类: | F832.51 | |
| 科图分类: | ||
| 主题词: | 股票--gu piao--证券投资--分析--中国 , 基金--ji jin--证券投资--分析--中国 | |
| 电子资源: | ||
| ISBN: | 978-7-80197-725-0 | |
| 000 | 01068nam 2200277 450 | |
| 001 | 012008400148 | |
| 005 | 20080602140119.04 | |
| 010 | @a978-7-80197-725-0@dCNY25.00 | |
| 100 | @a20080602d2007 em y0chiy0120 ea | |
| 101 | 0 | @achi |
| 102 | @aCN@b110000 | |
| 105 | @ay z 000yy | |
| 106 | @ar | |
| 200 | 1 | @a50支强势股票 50支强势基金@A50 zhi qiang shi gu piao 50 zhi qiang shi ji jin@f孙晓璐, 莫桂莉编著@Fsun xiao lu,mo gui li bian zhu |
| 210 | @a北京@c企业管理出版社@d2007.05 | |
| 215 | @a277页@d24cm | |
| 225 | 2 | @a中国新股民新基民必读全书@Azhong guo xin gu min xin ji min bi du quan shu |
| 330 | @a本书选择了目前最具升值潜力的50支股票和50支基金进行分析,提示了每支股票和每支基金价格的历史变动情况,揭秘了股票和基金增长的真正原因。 | |
| 410 | 0 | @12001 @a中国新股民新基民必读全书 |
| 606 | 0 | @a股票@Agu piao@x证券投资@x分析@y中国 |
| 606 | 0 | @a基金@Aji jin@x证券投资@x分析@y中国 |
| 690 | @aF832.51@v4 | |
| 701 | 0 | @a孙晓璐@Asun xiao lu@4编著 |
| 701 | 0 | @a莫桂莉@Amo gui li@4编著 |
| 801 | 0 | @aCN@bQSSK@c20080602 |
| 905 | @b722208-10@dF832.51@eS963@f3 | |
| 50支强势股票 50支强势基金/孙晓璐, 莫桂莉编著.-北京:企业管理出版社,2007.05 |
| 277页;24cm.-(中国新股民新基民必读全书) |
| ISBN 978-7-80197-725-0:CNY25.00 |
| 本书选择了目前最具升值潜力的50支股票和50支基金进行分析,提示了每支股票和每支基金价格的历史变动情况,揭秘了股票和基金增长的真正原因。 |
| ● |
| 相关链接 |
|
|
|
正题名:50支强势股票 50支强势基金
索取号:F832.51/S963
 
预约/预借
| 序号 | 登录号 | 条形码 | 馆藏地/架位号 | 状态 | 备注 |
| 1 | 722208 | 207222085 | 社科库409/409社科库 54排5列1层/ [索取号:F832.51/S963] | 在馆 | |
| 2 | 722209 | 207222094 | 社科库409/422社科库 33排4列1层/ [索取号:F832.51/S963] | 在馆 | |
| 3 | 722210 | 207222101 | 社科库409/409社科库 54排5列1层/ [索取号:F832.51/S963] | 在馆 |